000 00239nam a22000857a 4500
008 161205b xxu||||| |||| 00| 0 eng d
100 _91811
_aReader's digest
245 _aHow to increase your word power
260 _aNEW YORK
_bREADERS DIGEST
_c1975
999 _c4554
_d4554